NBC Shows by Cast Photo Quiz Stats

 Plays Quiz Updated Jun 13, 2017

Support Sporcle.
Go Orange.
Score 0/30 Timer 10:00
2 Plays Today
% Correct
Friends
98.9%
The Office (US)
96.8%
Seinfeld
96.3%
Star Trek: The Original Series
95.9%
The Fresh Prince of Bel-Air
93.4%
The Cosby Show
91.2%
The Voice
89.5%
The Golden Girls
89.4%
30 Rock
88.3%
Cheers
86.9%
Saturday Night Live
86.3%
The A-Team
83%
Will & Grace
80.6%
My Name is Earl
78.3%
Deal or No Deal
76.4%
% Correct
Friday Night Lights
76.2%
Law & Order: SVU
73.9%
Community
73.3%
Heroes
72.3%
Law & Order
72.1%
Diff'rent Strokes
60.7%
Miami Vice
59.6%
Columbo
57.3%
Sanford and Son
56.5%
Parenthood
48.6%
Chuck
48.3%
Days of Our Lives
42.3%
L.A. Law
41.5%
St. Elsewhere
35.9%
Grimm
30.2%

You're not logged in!

Compare scores with friends on all Sporcle quizzes.
OR
Log In
Forgot?

From the Vault

Switching Lanes: Movies

by PenguinsMeercats

Switching movies midway might lead to some confusion.
Remove Ads.
Support Sporcle.
Get the best of Sporcle when you Go Orange. This ad-free experience offers more features, more stats, and more fun while also helping to support Sporcle. Thank you for becoming a member.

Show Comments

Extras

Top Quizzes Today


Score Distribution

Your Account Isn't Verified!

In order to create a playlist on Sporcle, you need to verify the email address you used during registration. Go to your Sporcle Settings to finish the process.

Report this User

Report this user for behavior that violates our Community Guidelines.

Details: